UM Logo
Normal view MARC view
  • Diseases

Entry Topical Term

Number of records used in: 1

001 - CONTROL NUMBER

  • control field: 40176

003 - CONTROL NUMBER IDENTIFIER

  • control field: OSt

005 - DATE AND TIME OF LATEST TRANSACTION

  • control field: 20191005092616.0

008 - FIXED-LENGTH DATA ELEMENTS

  • fixed length control field: 191005|| aca||aabn | a|a d

040 ## - CATALOGING SOURCE

  • Original cataloging agency: OSt
  • Transcribing agency: OSt

150 ## - HEADING--TOPICAL TERM

  • Topical term or geographic name entry element: Diseases
  • General subdivision: Parkinson.

670 ## - SOURCE DATA FOUND

  • Source citation: Work cat.: (OSt)14285: 39481 Park, Alice., The role of boxing in the death of Muhammad Ali remains unclear/, c2016.